Green and pleasant? (Record no. 66585)

MARC details
000 -LEADER
fixed length control field 01247cam a2200265 4500
001 - CONTROL NUMBER
control field ABS63693
008 - FIXED-LENGTH DATA ELEMENTS--GENERAL INFORMATION
fixed length control field 000000n2001 000 0 eng u
035 ## - SYSTEM CONTROL NUMBER
System control number (Sirsi) u111757
100 ## - MAIN ENTRY--PERSONAL NAME
Personal name Morgan-Smith, J.
245 ## - TITLE STATEMENT
Title Green and pleasant?
260 ## - PUBLICATION, DISTRIBUTION, ETC.
Date of publication, distribution, etc. 2001
490 ## - SERIES STATEMENT
Series statement Surveyor
Volume/sequential designation 29 March 2001, 14-20(5)
520 ## - SUMMARY, ETC.
Summary, etc. A series of articles looking at the implications for local authorities of Part IIA of the Environmental Protection Act 1990. Considers the legislation, which requires councils to draw up contaminated land strategies by the end of June 2001. Describes how some local authorities are finding that GIS can help speed up this process. Notes that once the strategies have been drawn up, councils are likely to find themselves swamped with land remediaiton applications. Discusses the risk assessment process, and stresses the importance of the various regulatory departments working together.
590 ## - LOCAL NOTE (RLIN)
Local note ABS
650 ## - SUBJECT ADDED ENTRY--TOPICAL TERM
Topical term or geographic name entry element COUNCILS
650 ## - SUBJECT ADDED ENTRY--TOPICAL TERM
Topical term or geographic name entry element LOCAL AUTHORITIES
650 ## - SUBJECT ADDED ENTRY--TOPICAL TERM
Topical term or geographic name entry element CONTAMINATED LAND
650 ## - SUBJECT ADDED ENTRY--TOPICAL TERM
Topical term or geographic name entry element ENVIRONMENTAL PROTECTION ACT 1990 PART II
650 ## - SUBJECT ADDED ENTRY--TOPICAL TERM
Topical term or geographic name entry element PLANNING
650 ## - SUBJECT ADDED ENTRY--TOPICAL TERM
Topical term or geographic name entry element GIS
650 ## - SUBJECT ADDED ENTRY--TOPICAL TERM
Topical term or geographic name entry element RISK ASSESSMENTS
690 ## - LOCAL SUBJECT ADDED ENTRY--TOPICAL TERM (OCLC, RLIN)
Topical term or geographic name as entry element ENVIRONMENT-CONTAMINATION
700 ## - ADDED ENTRY--PERSONAL NAME
Personal name O'Connor, C.
942 ## - ADDED ENTRY ELEMENTS (KOHA)
Suppress in OPAC 0
Holdings
Withdrawn status Lost status Source of classification or shelving scheme Damaged status Not for loan Home library Current library Shelving location Date acquired Total Checkouts Full call number Barcode Date last seen Copy number Price effective from Koha item type
    Dewey Decimal Classification     London London Journal article 02/04/2001   ABS63693 111757-1001 06/08/2019 1 06/08/2019 Journal article